Make your web site work for you : how to convert your online content into profits /
This book is divided into seven parts: The basics; The first step to going online: Developing a brand; Building online content to drive your business; Driving traffic and keeping it in your online store; Preparing your site to profit; Research and customer service to enhance communications; and Case...
محفوظ في:
| المؤلف الرئيسي: | |
|---|---|
| التنسيق: | كتاب |
| اللغة: | English |
| منشور في: |
New York :
McGraw-Hill,
2000.
|
| الموضوعات: | |
| الوسوم: |
إضافة وسم
لا توجد وسوم, كن أول من يضع وسما على هذه التسجيلة!
|
| Thư viện lưu trữ: | Mạng thư viện Đại học Đà Nẵng |
|---|
| LEADER | 01343cam a2200385 i 4500 | ||
|---|---|---|---|
| 001 | 000047645 | ||
| 003 | 7335 | ||
| 005 | 20030304152401.0 | ||
| 008 | 010322|2000 vm 000 eng | ||
| 020 | |a 0071352414 | ||
| 040 | |a IRC |c IRC |d IRC | ||
| 041 | 0 | |a eng | |
| 082 | 1 | 4 | |a 658.8421 |b CA-J |
| 100 | 1 | |a Cannon, Jeff. | |
| 245 | 0 | 0 | |a Make your web site work for you : |b how to convert your online content into profits / |c Jeff Cannon. |
| 260 | |a New York : |b McGraw-Hill, |c 2000. | ||
| 300 | |a xxviii, 208 p. : |b ill. ; |c 23.5cm. | ||
| 520 | 3 | |a This book is divided into seven parts: The basics; The first step to going online: Developing a brand; Building online content to drive your business; Driving traffic and keeping it in your online store; Preparing your site to profit; Research and customer service to enhance communications; and Case studies. | |
| 630 | 0 | 4 | |a Marketing. |
| 630 | 0 | 4 | |a Internet marketing. |
| 630 | 0 | 4 | |a Electronic commerce. |
| 630 | 0 | 4 | |a Internet advertising. |
| 650 | 0 | 4 | |a Internet marketing. |
| 650 | 0 | 4 | |a Internet advertising. |
| 650 | 0 | 4 | |a Electronic commerce. |
| OWN | |a DUT | ||
| 999 | |a From the UDN01 | ||
| TYP | |a Monograph | ||
| TYP | |a Printed language | ||
| 980 | |a Mạng thư viện Đại học Đà Nẵng | ||


